Nuevas dimensiones en la protección del individuo

Wedi'i Gadw mewn:
Manylion Llyfryddiaeth
Prif Awdur: Irigoin Barrenne, Jeannette Albertina (autora)
Fformat: Llyfr
Iaith:Sbaeneg
Cyhoeddwyd: Santiago Instituto de Estudios Internacionales de la Universidad de Chile 1991
Pynciau:
Tagiau: Ychwanegu Tag
Dim Tagiau, Byddwch y cyntaf i dagio'r cofnod hwn!

MARC

LEADER 00000nam a2200000 a 4500
001 UCX8916
003 CL-VaPUC
008 940505e19910000CL |||||||||||||||||spa|d
082 0 4 |a 341.481  |b IRI  |2 21 
100 |a Irigoin Barrenne, Jeannette Albertina  |e autora  |9 382115 
245 1 0 |a Nuevas dimensiones en la protección del individuo 
300 |a 208 p 
942 |c BK 
945 |d 19940505 00:00:00  |a aalvarez 
260 |a Santiago  |b Instituto de Estudios Internacionales de la Universidad de Chile  |c 1991 
650 0 |a Derechos humanos  |9 223025 
651 7 |a CHILE  |2 CL-VaPUC  |9 326158 
583 |a last modification  |c 19940505 00:00:00  |k Rodrigo Vera 
999 |c 228284  |d 228282 
952 |0 0  |1 0  |4 0  |6 341_481000000000000_IRI_1991  |7 0  |8 A  |9 228187  |a BIBDER  |b BIBDER  |d 2019-11-15  |i 2974517  |o 341.481 IRI 1991  |p 2974517  |r 2023-01-25  |w 2019-11-15  |y BK  |k DER 
952 |0 0  |1 0  |4 0  |6 341_481000000000000_IRI_1991  |7 0  |8 A  |9 228188  |a BIBGIM  |b BIBGIM  |d 2019-11-15  |i 3604160  |o 341.481 IRI 1991  |p 3604160  |r 2025-01-15  |w 2019-11-15  |y BK  |k ORI